Inovačná aktivita - nástroj prosperity výrobného podniku.

Ciele inovačného procesu. Grafické znázornenie rozvoja výrobného systému a účinkov pružnej automatizácie. Ciele systému. Závislosť tvorivej aktivity pracovníkov. Inovačná stratégia. Pohotová výrobná realizácia inovácie. Efekty získané z inovácie výroby. Modernizácia výrobnej základne.

Salvato in:
Dettagli Bibliografici
Autore principale: Štefánik, J.
Natura: Capitolo di libro
Lingua:slovacco
Soggetti:
Tags: Aggiungi Tag
Nessun Tag, puoi essere il primo ad aggiungerne!!

MARC

LEADER 00000naa a2200000 4500
001 r003765
005 20221125080820.5
041 0 |a slo 
044 |a [CS] 
245 1 0 |a Inovačná aktivita - nástroj prosperity výrobného podniku.  |c J. Štefánik 
520 |a Ciele inovačného procesu. Grafické znázornenie rozvoja výrobného systému a účinkov pružnej automatizácie. Ciele systému. Závislosť tvorivej aktivity pracovníkov. Inovačná stratégia. Pohotová výrobná realizácia inovácie. Efekty získané z inovácie výroby. Modernizácia výrobnej základne. 
610 2 0 |a inovácia 
610 2 0 |a podnik výrobný 
610 2 0 |a systémy výrobné pružné 
610 2 0 |a systémy výrobné automatizované 
610 2 0 |a práca tvorivá 
610 2 0 |a modernizácia zariadenia výrobného 
100 1 |a Štefánik, J.